[Event "XXVIII Torneo B di Capodanno"]
[Site "Reggio nell'Emilia ITA"]
[Date "1985.12.31"]
[Round "5"]
[White "Martorelli, Antonio"]
[Black "Popovych, Orest"]
[Result "1-0"]
[WhiteElo "2315"]
[BlackElo "2325"]
[PlyCount "89"]
[EventDate "1985.12.27"]

1. e4 c5 2. Nf3 d6 3. d4 cxd4 4. Nxd4 Nf6 5. Nc3 a6 6. g3 e5 7. Nb3 Be7 8. Bg2
O-O 9. O-O b5 10. a4 Bb7 11. axb5 axb5 12. Rxa8 Bxa8 13. Bg5 b4 14. Bxf6 Bxf6
15. Nd5 Bxd5 16. Qxd5 Qc7 17. Qd2 Nc6 18. Ra1 h6 19. Bf1 Rb8 20. Ra4 Bg5 21.
Qd1 Ne7 22. h4 Bf6 23. Qd2 Qc6 24. Rxb4 Rxb4 25. Qxb4 Qxc2 26. Na5 Qd1 27. Nc4
Nc6 28. Qxd6 Nd4 29. Qb8+ Kh7 30. Ne3 Nf3+ 31. Kg2 Ne1+ 32. Kg1 Nf3+ 33. Kh1
Qb1 34. Qb7 Nd2 35. Kg2 Kg8 36. Qc8+ Kh7 37. Qc2 Qxc2 38. Nxc2 Bd8 39. Bd3 Bb6
40. b4 Kg6 41. Ne3 Bxe3 42. fxe3 Kf6 43. Kf2 Nb3 44. Ke1 Ke7 45. Bc4 1-0

[Event "XXVIII Torneo B di Capodanno"]
[Site "Reggio nell'Emilia ITA"]
[Date "1985.12.31"]
[Round "5"]
[White "Sartori, Spartaco"]
[Black "Belotti, Bruno"]
[Result "1/2-1/2"]
[WhiteElo "2330"]
[BlackElo "2355"]
[PlyCount "101"]
[EventDate "1985.12.27"]

1. d4 Nf6 2. Nf3 c5 3. d5 g6 4. Nc3 d6 5. e4 Bg7 6. Bb5+ Nfd7 7. a4 O-O 8. O-O
Na6 9. Bg5 h6 10. Bh4 Nc7 11. Qd3 Rb8 12. Rfe1 a6 13. Bc4 g5 14. Bg3 Bxc3 15.
Qxc3 f6 16. a5 Ne8 17. Rad1 Kh7 18. Bd3 Ne5 19. Nd2 b5 20. axb6 Qxb6 21. Bxe5
fxe5 22. Nc4 Qb4 23. Qxb4 Rxb4 24. b3 Nc7 25. Na5 Bd7 26. Re3 Rb6 27. Ra1 Kg6
28. Be2 Ra8 29. c3 Ne8 30. g3 Nf6 31. Kg2 Kg7 32. Rf1 Rf8 33. h3 Be8 34. Bg4
Bg6 35. f3 h5 36. Be6 h4 37. g4 Ra8 38. Ra1 Be8 39. Kf2 Nh7 40. Ke2 Nf8 41. Bf5
Kf6 42. Ra3 Rab8 43. Kd2 Bf7 44. Kc2 e6 45. dxe6 Bxe6 46. Re1 Bf7 47. Rd1 Ke7
48. Rd2 Ra8 49. Re2 Kd8 50. Rd2 Kc7 51. Kd3 1/2-1/2

[Event "XXVIII Torneo B di Capodanno"]
[Site "Reggio nell'Emilia ITA"]
[Date "1986.01.01"]
[Round "6"]
[White "Belotti, Bruno"]
[Black "Meyer, Claus Dieter"]
[Result "0-1"]
[WhiteElo "2355"]
[BlackElo "2335"]
[PlyCount "82"]
[EventDate "1985.12.27"]

1. e4 c5 2. Nf3 e6 3. d4 cxd4 4. Nxd4 Nc6 5. Nc3 d6 6. Be3 Nf6 7. Bc4 a6 8. Qe2
Na5 9. Bb3 b5 10. f3 Bd7 11. g4 Rc8 12. g5 Nh5 13. f4 g6 14. O-O Bg7 15. f5
Bxd4 16. Bxd4 Qxg5+ 17. Kh1 Rf8 18. Nd5 Nxb3 19. axb3 gxf5 20. Qxh5 Qxh5 21.
Nf6+ Ke7 22. Nxh5 e5 23. Bc3 Bc6 24. Ng3 f4 25. Nf5+ Ke6 26. Rfe1 Bxe4+ 27.
Rxe4 Kxf5 28. Re2 Rc6 29. Kg2 Rg8+ 30. Kf3 f6 31. Rd1 Rd8 32. Rd5 Rc5 33. Rxc5
dxc5 34. Rd2 Rc8 35. b4 cxb4 36. Bxb4 e4+ 37. Ke2 e3 38. Rd5+ Ke4 39. Rc5 f3+
40. Kf1 Rd8 41. Ke1 f2+ 0-1

[Event "XXVIII Torneo B di Capodanno"]
[Site "Reggio nell'Emilia ITA"]
[Date "1986.01.01"]
[Round "6"]
[White "Bukal, Vladimir sr"]
[Black "Maier, Christian"]
[Result "1/2-1/2"]
[WhiteElo "2455"]
[BlackElo "2295"]
[PlyCount "149"]
[EventDate "1985.12.27"]

1. c4 e5 2. Nc3 Bb4 3. Qc2 Nf6 4. Nf3 d6 5. Qa4+ Nc6 6. Nd5 Bc5 7. b4 Bb6 8.
Nxb6 cxb6 9. b5 Ne7 10. Ba3 O-O 11. Qb4 Nf5 12. d3 e4 13. dxe4 Nxe4 14. e3 Re8
15. Bd3 Nh4 16. Nxh4 Qxh4 17. O-O Nc5 18. Qd2 Re6 19. g3 Qh3 20. f3 Qh6 21.
Bxc5 bxc5 22. Be4 Re7 23. Rfe1 Bh3 24. Rad1 Rd8 25. Qd3 g6 26. Bd5 Qg7 27. Rd2
Be6 28. f4 Bxd5 29. Qxd5 Qc3 30. Kf2 b6 31. Rd3 Qb2+ 32. Re2 Qa1 33. g4 Rde8
34. Rd1 Qc3 35. Qd3 Qxd3 36. Rxd3 Re4 37. Rc2 Kg7 38. Rcc3 g5 39. Kg3 gxf4+ 40.
exf4 Re2 41. a3 Re1 42. h3 Rg1+ 43. Kf3 Rf1+ 44. Kg3 Re4 45. f5 h5 46. gxh5
Rxf5 47. Rxd6 Rxh5 48. Rd7 Rf5 49. Rxa7 Rff4 50. Ra4 Rf6 51. Ra6 Kg6 52. a4
Rfe6 53. a5 bxa5 54. Rxa5 Re1 55. Rb3 Rb6 56. Rba3 Kf5 57. Ra6 Rb8 58. Ra8 Rxa8
59. Rxa8 Re3+ 60. Kg2 Rb3 61. Rc8 Ke4 62. Rxc5 f5 63. Rc6 f4 64. Re6+ Kd4 65.
h4 Kxc4 66. b6 Kd5 67. Rg6 Ke4 68. h5 Rb2+ 69. Kh3 Kf5 70. Rc6 Rb3+ 71. Kg2 Kg4
72. h6 f3+ 73. Kf1 Rb1+ 74. Kf2 Rb2+ 75. Kf1 1/2-1/2

[Event "XXVIII Torneo B di Capodanno"]
[Site "Reggio nell'Emilia ITA"]
[Date "1986.01.01"]
[Round "6"]
[White "Costa, Jean-Luc"]
[Black "Sartori, Spartaco"]
[Result "1-0"]
[WhiteElo "2275"]
[BlackElo "2330"]
[PlyCount "87"]
[EventDate "1985.12.27"]

1. d4 e6 2. c4 Nf6 3. Nf3 Bb4+ 4. Bd2 Qe7 5. Qc2 Bxd2+ 6. Nbxd2 d6 7. g3 O-O 8.
Bg2 Nc6 9. O-O a5 10. Qc3 e5 11. d5 Nd8 12. e4 Nd7 13. b3 f5 14. exf5 Rxf5 15.
h4 Rf8 16. a3 b6 17. Qe3 Nf6 18. Nd4 Bd7 19. Rae1 Qe8 20. Qd3 Qh5 21. Ne6 Nxe6
22. dxe6 Bxe6 23. Bxa8 Rxa8 24. f4 Bh3 25. Qf3 Rf8 26. Ne4 Ng4 27. Nf2 Bxf1 28.
Nxg4 Qg6 29. h5 Qf5 30. Rxf1 exf4 31. gxf4 Qc5+ 32. Kg2 Qxa3 33. h6 Qb2+ 34.
Rf2 Qd4 35. f5 a4 36. bxa4 Qxc4 37. f6 gxf6 38. Nxf6+ Kh8 39. Qg3 Qf7 40. Qc3
Qg6+ 41. Kf1 Rf7 42. Nd5+ Kg8 43. Ne7+ Rxe7 44. Rg2 1-0

[Event "XXVIII Torneo B di Capodanno"]
[Site "Reggio nell'Emilia ITA"]
[Date "1986.01.01"]
[Round "6"]
[White "Grinza, Andrea"]
[Black "Mantovani, Renzo"]
[Result "0-1"]
[WhiteElo "2295"]
[BlackElo "2300"]
[PlyCount "56"]
[EventDate "1985.12.27"]

1. d4 e6 2. c4 b6 3. e4 Nf6 4. f3 d5 5. e5 Nfd7 6. cxd5 exd5 7. Nc3 Bb7 8. f4
c5 9. Nf3 Nc6 10. Be3 cxd4 11. Nxd4 Bc5 12. Bb5 Nxd4 13. Bxd4 O-O 14. O-O Rc8
15. Kh1 Bxd4 16. Qxd4 Nc5 17. f5 Qg5 18. Rf4 Ne4 19. Raf1 Rfd8 20. Be2 Qh6 21.
R1f3 Qc6 22. f6 g6 23. e6 Qxe6 24. Qe3 d4 25. Rxe4 dxe3 26. Rxe6 Bxf3 27. Rxe3
Bxe2 28. Nxe2 Re8 0-1

[Event "XXVIII Torneo B di Capodanno"]
[Site "Reggio nell'Emilia ITA"]
[Date "1986.01.01"]
[Round "6"]
[White "Popovych, Orest"]
[Black "Messa, Roberto"]
[Result "1-0"]
[WhiteElo "2325"]
[BlackElo "2385"]
[PlyCount "83"]
[EventDate "1985.12.27"]

1. e4 c5 2. Nf3 Nc6 3. d4 cxd4 4. Nxd4 Qc7 5. Nc3 e6 6. g3 a6 7. Bg2 d6 8. O-O
Nf6 9. Re1 Be7 10. Nxc6 bxc6 11. e5 dxe5 12. Rxe5 O-O 13. Bf4 Qb7 14. Re3 Nd5
15. Nxd5 exd5 16. Rb3 Qa7 17. Be3 Bc5 18. Bxc5 Qxc5 19. Rc3 Qb6 20. Rxc6 Qxc6
21. Bxd5 Qb6 22. Bxa8 Rd8 23. Qf3 Rd2 24. Bd5 Be6 25. Bb3 Bxb3 26. axb3 g6 27.
Rc1 a5 28. Qf4 Re2 29. Kf1 Re6 30. Re1 Rf6 31. Qe3 Qb7 32. Kg1 Kg7 33. Qc3 h5
34. h4 Qd5 35. Re5 Qd1+ 36. Kg2 Qg4 37. f3 Qd7 38. Rxa5 Qd1 39. Re5 Kh7 40. Re8
Qd6 41. b4 Qa6 42. Qc8 1-0

[Event "XXVIII Torneo B di Capodanno"]
[Site "Reggio nell'Emilia ITA"]
[Date "1986.01.02"]
[Round "7"]
[White "Antunes, Antonio"]
[Black "Popovych, Orest"]
[Result "1-0"]
[WhiteElo "2465"]
[BlackElo "2325"]
[PlyCount "75"]
[EventDate "1985.12.27"]

1. e4 c5 2. Nf3 d6 3. d4 cxd4 4. Qxd4 Nc6 5. Bb5 Bd7 6. Bxc6 Bxc6 7. c4 Nf6 8.
Nc3 g6 9. O-O Bg7 10. Bg5 O-O 11. Qd3 Nd7 12. Nd5 Nc5 13. Qc2 Re8 14. Rad1 h6
15. Be3 Nxe4 16. Qxe4 e6 17. Qf4 exd5 18. cxd5 Bb5 19. Rfe1 g5 20. Qb4 Qd7 21.
h4 g4 22. Nd4 Ba6 23. Qd2 h5 24. Bh6 Bf6 25. Qf4 Bxd4 26. Qxd4 f5 27. Re6 Rxe6
28. dxe6 Qe7 29. Re1 Bb5 30. Qd5 Be8 31. Qxf5 Rc8 32. Bg5 Qh7 33. Qf4 d5 34.
Bf6 Qg6 35. Bc3 Kh7 36. Qd4 Bc6 37. Re5 g3 38. Rxh5+ 1-0

[Event "XXVIII Torneo B di Capodanno"]
[Site "Reggio nell'Emilia ITA"]
[Date "1986.01.02"]
[Round "7"]
[White "De Boer, Gert-Jan"]
[Black "Belotti, Bruno"]
[Result "1/2-1/2"]
[WhiteElo "2410"]
[BlackElo "2355"]
[PlyCount "39"]
[EventDate "1985.12.27"]

1. d4 Nf6 2. Nf3 g6 3. c4 Bg7 4. Nc3 O-O 5. e4 d6 6. Be2 e5 7. Be3 Nbd7 8. O-O
h6 9. d5 Ng4 10. Bd2 f5 11. g3 fxe4 12. Nh4 g5 13. Bxg4 gxh4 14. Nxe4 Nf6 15.
Bxc8 Rxc8 16. Qe2 Qd7 17. Nxf6+ Rxf6 18. Qe4 Qh3 19. Rac1 Rcf8 20. Qxh4 1/2-1/2

[Event "XXVIII Torneo B di Capodanno"]
[Site "Reggio nell'Emilia ITA"]
[Date "1986.01.02"]
[Round "7"]
[White "Mantovani, Renzo"]
[Black "Bukal, Vladimir sr"]
[Result "1/2-1/2"]
[WhiteElo "2300"]
[BlackElo "2455"]
[PlyCount "34"]
[EventDate "1985.12.27"]

1. e4 e6 2. d4 d5 3. Nc3 Bb4 4. Nge2 Ne7 5. a3 Ba5 6. e5 Nbc6 7. Bg5 h6 8. Bh4
g5 9. Bg3 Nf5 10. f3 f6 11. Qd3 Bb6 12. exf6 Qxf6 13. O-O-O Nxg3 14. hxg3 Bd7
15. Na4 O-O-O 16. Nxb6+ axb6 17. g4 Be8 1/2-1/2

[Event "XXVIII Torneo B di Capodanno"]
[Site "Reggio nell'Emilia ITA"]
[Date "1986.01.02"]
[Round "7"]
[White "Messa, Roberto"]
[Black "Grinza, Andrea"]
[Result "0-1"]
[WhiteElo "2385"]
[BlackElo "2295"]
[PlyCount "64"]
[EventDate "1985.12.27"]

1. e4 c6 2. d4 d5 3. Nc3 dxe4 4. Nxe4 Bf5 5. Ng3 Bg6 6. h4 h6 7. Nf3 Nd7 8. h5
Bh7 9. Bd3 Bxd3 10. Qxd3 Qc7 11. Bd2 e6 12. O-O-O Ngf6 13. Ne4 O-O-O 14. g3 Nc5
15. Nxc5 Bxc5 16. c4 Qe7 17. Bc3 Bb4 18. Ne5 Bxc3 19. Qxc3 Rhe8 20. Qa5 Ne4 21.
Rhg1 Kb8 22. Rd3 f6 23. Ng6 Qc7 24. Qe1 f5 25. Qe2 c5 26. Rgd1 cxd4 27. Rxd4
Rxd4 28. Rxd4 Qc5 29. Qe3 Rc8 30. f4 Nxg3 31. Kb1 Ne2 32. Rd3 Qxc4 0-1

[Event "XXVIII Torneo B di Capodanno"]
[Site "Reggio nell'Emilia ITA"]
[Date "1986.01.02"]
[Round "7"]
[White "Meyer, Claus Dieter"]
[Black "Costa, Jean-Luc"]
[Result "1/2-1/2"]
[WhiteElo "2335"]
[BlackElo "2275"]
[PlyCount "47"]
[EventDate "1985.12.27"]

1. e4 e6 2. d4 d5 3. Nd2 a6 4. Ngf3 c5 5. exd5 exd5 6. dxc5 Bxc5 7. Nb3 Ba7 8.
Be2 Nc6 9. c3 Nf6 10. O-O O-O 11. Bg5 Re8 12. Bh4 Bf5 13. Re1 Re4 14. Bg3 h5
15. h4 d4 16. cxd4 Nxd4 17. Nbxd4 Bxd4 18. Nxd4 Rxd4 19. Qb3 b5 20. Rad1 Rc8
21. Rxd4 Qxd4 22. Rd1 Qc5 23. Rd6 Qc1+ 24. Rd1 1/2-1/2

[Event "XXVIII Torneo B di Capodanno"]
[Site "Reggio nell'Emilia ITA"]
[Date "1986.01.02"]
[Round "7"]
[White "Sartori, Spartaco"]
[Black "Martorelli, Antonio"]
[Result "1/2-1/2"]
[WhiteElo "2330"]
[BlackElo "2315"]
[PlyCount "76"]
[EventDate "1985.12.27"]

1. d4 Nf6 2. Nf3 g6 3. Bg5 c5 4. Bxf6 exf6 5. Nbd2 cxd4 6. Nxd4 Nc6 7. e3 f5 8.
c3 Bg7 9. Bc4 O-O 10. O-O d5 11. Bb3 f4 12. Nxc6 bxc6 13. exf4 Qh4 14. g3 Qh3
15. Nf3 Bg4 16. Ng5 Qh5 17. f3 Bc8 18. h4 h6 19. g4 Qxh4 20. Kg2 hxg5 21. Rh1
Qxh1+ 22. Qxh1 gxf4 23. Re1 Ba6 24. Qg1 Rfe8 25. Rxe8+ Rxe8 26. Qxa7 Re2+ 27.
Kh3 Bd3 28. Qb8+ Kh7 29. Qxf4 f5 30. Qc7 Kh6 31. g5+ Kxg5 32. f4+ Kh6 33. Qxc6
Be5 34. fxe5 f4 35. Kg4 Rf2 36. Qf6 Be2+ 37. Kh3 Bf1+ 38. Kg4 Be2+ 1/2-1/2

[Event "XXVIII Torneo B di Capodanno"]
[Site "Reggio nell'Emilia ITA"]
[Date "1986.01.03"]
[Round "8"]
[White "Antunes, Antonio"]
[Black "Sartori, Spartaco"]
[Result "0-1"]
[WhiteElo "2465"]
[BlackElo "2330"]
[PlyCount "188"]
[EventDate "1985.12.27"]

1. d4 e6 2. c4 Nf6 3. Nc3 Bb4 4. a3 Bxc3+ 5. bxc3 c5 6. e3 Nc6 7. Ne2 d6 8. Ng3
e5 9. d5 Na5 10. Bd3 b6 11. O-O O-O 12. e4 Ne8 13. f4 Ba6 14. f5 f6 15. Qe2 Rf7
16. Ra2 Kf8 17. Rf3 Ke7 18. Nf1 Kd7 19. Rh3 h6 20. Ne3 Rb8 21. a4 Kc7 22. Qd1
Qd7 23. Kf1 Kb7 24. Ke1 Nc7 25. Kd2 Rh8 26. Kc2 Rff8 27. Kb1 Kb8 28. g4 Qe8 29.
Rf2 Kc8 30. Rg3 Kd8 31. h4 Qd7 32. Rh2 Rh7 33. Ka2 Ne8 34. Ka3 Qe7 35. Rd2 Kc7
36. Qf1 Kd7 37. Rdg2 Rhh8 38. Rg1 Rh7 39. Rh3 Rfh8 40. Rgh1 Kd8 41. Nc2 Kd7 42.
Be3 Nc7 43. Ne1 Kd8 44. Nf3 Kd7 45. Nd2 Kd8 46. R3h2 Kd7 47. Be2 Kd8 48. Rh3
Qf8 49. R1h2 Kd7 50. Rg2 Qe7 51. Rhg3 Ne8 52. Qg1 Kd8 53. Qd1 Kd7 54. Bd3 Nc7
55. Qe2 Ne8 56. Rg1 Kd8 57. Bf2 Kd7 58. Be1 Kd8 59. Nf1 Kd7 60. Bf2 Kd8 61.
R1g2 Kd7 62. Be3 Kd8 63. Rh3 Kd7 64. Rgh2 Kd8 65. Ng3 Qf7 66. Qf1 Ke7 67. Be2
Kf8 68. Nh5 Kg8 69. Bd2 Kf8 70. Bc1 Kg8 71. Ng3 Kf8 72. Be3 Kg8 73. Bd3 Kf8 74.
Qe2 Ke7 75. Nf1 Kf8 76. Nd2 Ke7 77. Qf1 Kf8 78. Be2 Kg8 79. g5 hxg5 80. hxg5
Rxh3 81. Rxh3 Rxh3 82. Qxh3 Kf8 83. Qh7 fxg5 84. Bh5 Nf6 85. Bxf7 Nxh7 86. Bg6
Nf6 87. Bxg5 Nxc4+ 88. Kb3 Nxd2+ 89. Bxd2 Nxe4 90. Be1 Be2 91. Bh4 Bd1+ 92. Kb2
Bxa4 93. Bd8 Nf6 94. c4 Be8 0-1

[Event "XXVIII Torneo B di Capodanno"]
[Site "Reggio nell'Emilia ITA"]
[Date "1986.01.03"]
[Round "8"]
[White "Belotti, Bruno"]
[Black "Maier, Christian"]
[Result "1-0"]
[WhiteElo "2355"]
[BlackElo "2295"]
[PlyCount "45"]
[EventDate "1985.12.27"]

1. e4 e6 2. d4 d5 3. Nc3 Bb4 4. Nge2 Nf6 5. e5 Ne4 6. Qd3 Nxc3 7. Nxc3 O-O 8.
a3 Bxc3+ 9. Qxc3 Nc6 10. Be3 Bd7 11. Be2 Kh8 12. h4 f6 13. exf6 gxf6 14. O-O-O
Be8 15. g4 Qd6 16. Qd2 Ne7 17. Rdg1 Ng8 18. g5 e5 19. gxf6 exd4 20. f7 Rxf7 21.
Bxd4+ Nf6 22. Qg5 Ba4 23. Bh5 1-0

[Event "XXVIII Torneo B di Capodanno"]
[Site "Reggio nell'Emilia ITA"]
[Date "1986.01.03"]
[Round "8"]
[White "Bukal, Vladimir sr"]
[Black "Messa, Roberto"]
[Result "0-1"]
[WhiteElo "2455"]
[BlackElo "2385"]
[PlyCount "50"]
[EventDate "1985.12.27"]

1. c4 e6 2. Nf3 d5 3. d4 c5 4. cxd5 exd5 5. Nc3 Nc6 6. e3 Nf6 7. Be2 Be7 8.
dxc5 Bxc5 9. O-O O-O 10. b3 a6 11. Bb2 Ba7 12. Qd3 Be6 13. Rad1 Qe7 14. Qb1
Rad8 15. Ng5 d4 16. Nxe6 Qxe6 17. exd4 Nxd4 18. Bd3 Ng4 19. Bxh7+ Kh8 20. Rd3
Ne2+ 21. Nxe2 Qxe2 22. Rf3 Nxf2 23. Bc3 Rd1 24. Rxd1 Qxd1+ 25. Be1 Ne4+ 0-1

[Event "XXVIII Torneo B di Capodanno"]
[Site "Reggio nell'Emilia ITA"]
[Date "1986.01.03"]
[Round "8"]
[White "Costa, Jean-Luc"]
[Black "De Boer, Gert-Jan"]
[Result "0-1"]
[WhiteElo "2275"]
[BlackElo "2410"]
[PlyCount "62"]
[EventDate "1985.12.27"]

1. d4 Nf6 2. c4 e6 3. Nc3 Bb4 4. f3 d5 5. Qa4+ Nc6 6. Bg5 Bd7 7. Qd1 dxc4 8. e4
h6 9. Bh4 b5 10. e5 g5 11. Bf2 Nd5 12. Nge2 Nce7 13. Qc1 Ng6 14. g3 c5 15. Bg2
cxd4 16. Bxd4 Qc7 17. O-O Bc5 18. Nxd5 exd5 19. Qe3 Bxd4 20. Nxd4 O-O-O 21. f4
gxf4 22. gxf4 Rhg8 23. Kh1 Qc5 24. b4 Qb6 25. a4 bxa4 26. b5 Bxb5 27. Rfb1 a6
28. Rxa4 Ne7 29. Bh3+ Kb7 30. Qa3 Qxd4 31. Qxe7+ Kb8 0-1

[Event "XXVIII Torneo B di Capodanno"]
[Site "Reggio nell'Emilia ITA"]
[Date "1986.01.03"]
[Round "8"]
[White "Martorelli, Antonio"]
[Black "Meyer, Claus Dieter"]
[Result "0-1"]
[WhiteElo "2315"]
[BlackElo "2335"]
[PlyCount "132"]
[EventDate "1985.12.27"]

1. e4 c5 2. Nf3 e6 3. d4 cxd4 4. Nxd4 Nc6 5. Nb5 d6 6. Bf4 e5 7. Be3 a6 8. N5c3
Nf6 9. Nd5 Nxd5 10. exd5 Ne7 11. c4 Nf5 12. Bd2 Be7 13. Nc3 O-O 14. g3 Bg5 15.
Bg2 Bxd2+ 16. Qxd2 Nd4 17. Ne2 Nxe2 18. Qxe2 f5 19. O-O f4 20. Rac1 Qf6 21. Rc3
b6 22. Rfc1 a5 23. Be4 Bd7 24. g4 Qg5 25. f3 h5 26. h3 Rf6 27. Qg2 hxg4 28.
hxg4 Rh6 29. Kf2 Kf7 30. Rh1 Rah8 31. Rcc1 Rh4 32. Rcg1 Qh6 33. Rxh4 Qxh4+ 34.
Ke2 Kf6 35. Qf2 Qxf2+ 36. Kxf2 Rh2+ 37. Rg2 Rh1 38. g5+ Ke7 39. Rg1 Rh8 40. b3
b5 41. cxb5 Rh2+ 42. Rg2 Rxg2+ 43. Kxg2 Bxb5 44. a3 Kd8 45. Kf2 Kc7 46. Ke1 Kb6
47. Kd2 Kc5 48. Kc3 Bf1 49. b4+ axb4+ 50. axb4+ Kb5 51. Kb3 Be2 52. Kc3 Bc4 53.
g6 Bf1 54. Bf5 Be2 55. Bg4 Bd1 56. Bd7+ Kb6 57. Bg4 e4 58. Kd2 Bxf3 59. Bxf3
exf3 60. Ke1 Kb5 61. Kf2 Kxb4 62. Kxf3 Kc5 63. Kxf4 Kd4 64. Kg4 Ke4 65. Kg5 Ke5
66. Kg4 Kf6 0-1

[Event "XXVIII Torneo B di Capodanno"]
[Site "Reggio nell'Emilia ITA"]
[Date "1986.01.03"]
[Round "8"]
[White "Popovych, Orest"]
[Black "Grinza, Andrea"]
[Result "1/2-1/2"]
[WhiteElo "2325"]
[BlackElo "2295"]
[PlyCount "136"]
[EventDate "1985.12.27"]

1. e4 c6 2. d4 d5 3. exd5 cxd5 4. c4 Nf6 5. Nc3 g6 6. cxd5 Bg7 7. Bc4 O-O 8.
Nge2 Nbd7 9. Nf4 Nb6 10. Bb3 Bf5 11. O-O Be4 12. Nxe4 Nxe4 13. Qd3 Nd6 14. Bd2
Nf5 15. Bc3 Qd6 16. Qe4 Rfd8 17. Rad1 Bh6 18. Bd2 Bg7 19. Be3 a5 20. a3 Qd7 21.
Nd3 Nd6 22. Qf3 Qb5 23. Ba2 Rac8 24. Bg5 Re8 25. Rfe1 Bf8 26. Re2 h6 27. Bf4
Nf5 28. Be3 Red8 29. g4 Nxe3 30. fxe3 Rd6 31. Rf2 Rf6 32. Qg2 Rd8 33. Ne5 Nxd5
34. Re1 Bg7 35. Rxf6 Bxf6 36. Bc4 Nxe3 37. Rxe3 Qb6 38. Qe4 Bxe5 39. Qxe5 Rxd4
40. Be2 Rd2 41. Kf1 e6 42. Qb8+ Kh7 43. Rf3 Kg7 44. Qe5+ Kg8 45. Qf6 Rd7 46. h4
Qc7 47. Rc3 Qb8 48. Bb5 Rd5 49. a4 h5 50. Rf3 Qc7 51. Rc3 Rc5 52. gxh5 Rxc3 53.
bxc3 gxh5 54. Kg2 Qd6 55. Qg5+ Kf8 56. c4 b6 57. Qh6+ Ke7 58. Qxh5 Qd2+ 59. Kg3
Qe1+ 60. Kg2 Qd2+ 61. Kf1 Qf4+ 62. Ke1 Qg3+ 63. Ke2 Qg2+ 64. Ke3 Qg1+ 65. Kd2
Qd4+ 66. Ke2 Qe4+ 67. Kf2 Qd4+ 68. Kg2 Qd2+ 1/2-1/2

[Event "XXVIII Torneo B di Capodanno"]
[Site "Reggio nell'Emilia ITA"]
[Date "1986.01.04"]
[Round "9"]
[White "De Boer, Gert-Jan"]
[Black "Martorelli, Antonio"]
[Result "1-0"]
[WhiteElo "2410"]
[BlackElo "2315"]
[PlyCount "77"]
[EventDate "1985.12.27"]

1. d4 Nf6 2. Nf3 d5 3. c4 dxc4 4. Nc3 a6 5. e4 b5 6. e5 Nd5 7. a4 c6 8. axb5
Nxc3 9. bxc3 cxb5 10. Ng5 e6 11. Nxf7 Kxf7 12. Qf3+ Ke8 13. Qxa8 Qc7 14. Qe4
Nc6 15. Be2 Bb7 16. Qg4 Bc8 17. O-O Ne7 18. Bf3 g6 19. Bg5 Nf5 20. Qe4 Ne7 21.
Bf6 Rg8 22. Qa8 Kf7 23. d5 Nxd5 24. Bxd5 exd5 25. Rxa6 Bb7 26. Ra7 Bxa8 27.
Rxc7+ Ke6 28. Rc8 Bb7 29. Rb8 Bc6 30. Re1 b4 31. Rb6 bxc3 32. Rxc6+ Kf5 33. Rc1
Bb4 34. Rb6 Bc5 35. Rb5 d4 36. Rxc5 Rb8 37. f3 Rb2 38. g4+ Kf4 39. e6 1-0

[Event "XXVIII Torneo B di Capodanno"]
[Site "Reggio nell'Emilia ITA"]
[Date "1986.01.04"]
[Round "9"]
[White "Grinza, Andrea"]
[Black "Bukal, Vladimir sr"]
[Result "0-1"]
[WhiteElo "2295"]
[BlackElo "2455"]
[PlyCount "110"]
[EventDate "1985.12.27"]

1. d4 Nf6 2. c4 c5 3. Nf3 cxd4 4. Nxd4 a6 5. g3 d5 6. Bg2 e5 7. Nf3 e4 8. Nd4
dxc4 9. Nc3 Bc5 10. Be3 O-O 11. O-O Re8 12. Ne6 Qxd1 13. Rfxd1 Bxe6 14. Bxc5
Nbd7 15. Be3 Bf5 16. Rd4 b5 17. Rad1 Rac8 18. Nxe4 Nxe4 19. Bxe4 Bxe4 20. Rxd7
b4 21. Ra7 c3 22. bxc3 bxc3 23. Rc1 c2 24. f3 Bd5 25. Kf2 Rc6 26. Bf4 Bxa2 27.
Rb7 Bb1 28. Rb8 Rxb8 29. Bxb8 f6 30. Ke1 a5 31. Ba7 Rc4 32. Kd2 a4 33. Kd3 Rc7
34. Bd4 a3 35. e3 Kf7 36. Bc3 Ke6 37. Kd2 Rd7+ 38. Ke2 Kd5 39. Bb4 Ra7 40. Bc3
Kc4 41. Bd4 Rd7 42. Ba1 Rb7 43. Kd2 Rd7+ 44. Ke2 Kb3 45. h3 Kc4 46. g4 Rd5 47.
e4 Rd7 48. h4 h6 49. f4 Rd4 50. e5 Rxf4 51. exf6 gxf6 52. Ke3 Rxg4 53. Bxf6
Rg3+ 54. Kd2 Rd3+ 55. Ke2 Rd4 0-1

[Event "XXVIII Torneo B di Capodanno"]
[Site "Reggio nell'Emilia ITA"]
[Date "1986.01.04"]
[Round "9"]
[White "Maier, Christian"]
[Black "Costa, Jean-Luc"]
[Result "1/2-1/2"]
[WhiteElo "2295"]
[BlackElo "2275"]
[PlyCount "102"]
[EventDate "1985.12.27"]

1. e4 c5 2. Nf3 e6 3. b3 d6 4. Bb2 Nd7 5. Bd3 Ngf6 6. O-O Be7 7. Re1 O-O 8. c3
b6 9. Bc2 Bb7 10. d3 Qc7 11. Nbd2 Rac8 12. Rc1 Rfd8 13. Nf1 Bf8 14. Ng3 g6 15.
Qd2 Bg7 16. h3 e5 17. Bb1 d5 18. Nh2 Qd6 19. Rcd1 d4 20. Rf1 Nf8 21. cxd4 cxd4
22. f4 exf4 23. Qxf4 Qxf4 24. Rxf4 Ne6 25. Rf2 Nd7 26. b4 Bh6 27. Ng4 Bg5 28.
Rdf1 f6 29. Rc2 h5 30. Nh2 Ba6 31. Rxc8 Rxc8 32. a4 Be3+ 33. Kh1 Nf4 34. Rd1
Ne5 35. b5 Bb7 36. Ngf1 h4 37. Nxe3 dxe3 38. Bxe5 fxe5 39. Nf3 Rd8 40. Re1 Nxd3
41. Rxe3 Nf4 42. Bc2 Rc8 43. Bb3+ Kg7 44. Nxh4 Rc1+ 45. Kh2 Rb1 46. Bc2 Rc1 47.
Bb3 Rb1 48. Bd5 Bxd5 49. exd5 Kf6 50. Rc3 e4 51. Rc6+ Ke5 1/2-1/2

[Event "XXVIII Torneo B di Capodanno"]
[Site "Reggio nell'Emilia ITA"]
[Date "1986.01.04"]
[Round "9"]
[White "Mantovani, Renzo"]
[Black "Belotti, Bruno"]
[Result "1/2-1/2"]
[WhiteElo "2300"]
[BlackElo "2355"]
[PlyCount "29"]
[EventDate "1985.12.27"]

1. c4 e5 2. Nc3 Nc6 3. g3 g6 4. Bg2 Bg7 5. e3 Nge7 6. Nge2 O-O 7. O-O d6 8. d4
exd4 9. exd4 Bf5 10. Be3 Qd7 11. Nf4 h5 12. h4 Rae8 13. Qd2 Nc8 14. Rfd1 Nb6
15. b3 1/2-1/2

[Event "XXVIII Torneo B di Capodanno"]
[Site "Reggio nell'Emilia ITA"]
[Date "1986.01.04"]
[Round "9"]
[White "Meyer, Claus Dieter"]
[Black "Antunes, Antonio"]
[Result "0-1"]
[WhiteElo "2335"]
[BlackElo "2465"]
[PlyCount "82"]
[EventDate "1985.12.27"]

1. e4 c5 2. Nf3 Nc6 3. Bb5 g6 4. O-O Bg7 5. Re1 Nf6 6. c3 O-O 7. h3 Qb6 8. a4
a6 9. Bc4 Ne8 10. d3 Nc7 11. Na3 d6 12. Ba2 Ne6 13. Qe2 Qc7 14. Ng5 Rb8 15.
Nxe6 fxe6 16. Nc2 b5 17. axb5 axb5 18. Bd2 Bd7 19. Ne3 Qb7 20. f4 Kh8 21. Rf1
Ra8 22. Qg4 Qc8 23. Qh4 b4 24. Bc4 Rxa1 25. Rxa1 Bf6 26. Qe1 Qb7 27. Ra2 Bg7
28. Qd1 bxc3 29. bxc3 Bh6 30. g3 e5 31. f5 Bxe3+ 32. Bxe3 gxf5 33. exf5 Rxf5
34. Bd5 e6 35. Be4 Rf7 36. c4 Qb8 37. Ra6 Qg8 38. g4 Nd4 39. Bxd4 exd4 40. Rxd6
Qb8 41. Ra6 Qg3+ 0-1

[Event "XXVIII Torneo B di Capodanno"]
[Site "Reggio nell'Emilia ITA"]
[Date "1986.01.04"]
[Round "9"]
[White "Sartori, Spartaco"]
[Black "Popovych, Orest"]
[Result "0-1"]
[WhiteElo "2330"]
[BlackElo "2325"]
[PlyCount "58"]
[EventDate "1985.12.27"]

1. Nf3 Nf6 2. c4 g6 3. Nc3 Bg7 4. e4 d6 5. d4 O-O 6. Be2 Nbd7 7. Bg5 h6 8. Bh4
g5 9. Bg3 Nh5 10. O-O e6 11. Ne1 Nxg3 12. hxg3 f5 13. exf5 exf5 14. Nc2 c6 15.
Qd2 f4 16. gxf4 gxf4 17. Ne4 Nf6 18. Nxf6+ Qxf6 19. Rad1 Bd7 20. Bf3 Kh8 21. b4
Rg8 22. b5 Raf8 23. bxc6 bxc6 24. Nb4 Qh4 25. Rfe1 Bh3 26. Re4 Be5 27. dxe5
Rxg2+ 28. Bxg2 Bxg2 29. f3 Bxf3 0-1

[Event "XXVIII Torneo B di Capodanno"]
[Site "Reggio nell'Emilia ITA"]
[Date "1986.01.05"]
[Round "10"]
[White "Antunes, Antonio"]
[Black "De Boer, Gert-Jan"]
[Result "1-0"]
[WhiteElo "2465"]
[BlackElo "2410"]
[PlyCount "103"]
[EventDate "1985.12.27"]

1. e4 c6 2. d4 d5 3. exd5 cxd5 4. c4 Nf6 5. Nc3 e6 6. Nf3 Bb4 7. cxd5 Nxd5 8.
Bd2 Nc6 9. Bd3 O-O 10. O-O Nf6 11. Bg5 Be7 12. Bb1 b6 13. Qd3 Nb4 14. Qd1 Bb7
15. a3 Nbd5 16. Re1 Rc8 17. Qd3 g6 18. Ne2 Qc7 19. Rc1 Qd6 20. Ba2 Ng4 21. Bxd5
Bxd5 22. Bf4 Qd7 23. Ne5 Nxe5 24. dxe5 Qa4 25. Bh6 Rxc1+ 26. Rxc1 Rd8 27. Nc3
Qb3 28. Qb5 f6 29. Qe2 Qc4 30. h3 b5 31. Qe3 Bb7 32. Ne2 Qd5 33. Nf4 Qd7 34.
Qg3 Be4 35. Nh5 f5 36. Nf6+ Bxf6 37. exf6 Bc6 38. Qe5 Kf7 39. h4 Rc8 40. Bg5 h5
41. Be3 Qd5 42. Qxd5 exd5 43. Bd4 a6 44. Kf1 Bd7 45. Rxc8 Bxc8 46. Ke2 Ke6 47.
Kd2 Bd7 48. Kc3 Be8 49. Kb4 f4 50. f3 Kd6 51. Ka5 Kc6 52. Kxa6 1-0